Nivelación diferencial

Uloženo v:
Podrobná bibliografie
Médium: Kniha
Jazyk:španělština
Vydáno: Chillán Universidad de Concepción 1992
Tagy: Přidat tag
Žádné tagy, Buďte první, kdo vytvoří štítek k tomuto záznamu!

MARC

LEADER 00000nam a22000007a 4500
003 CL-ChBUA
005 20120815091657.0
008 100330s1992 cl ||||| |||| 000 ||spa
040 |a CL-ChBUA  |c CL-ChBUA 
090 |c 27283  |d 27283 
245 1 0 |a Nivelación diferencial 
260 |a Chillán  |b Universidad de Concepción  |c 1992 
650 4 |2 TOPOGRAFIA 
942 |c SBOL 
952 |0 0  |1 0  |2 ddc  |4 0  |6 NUMERO_000000000000000_1789  |7 0  |9 64140  |a UNACH  |b UNACH  |d 2010-03-30  |i 46.164  |l 0  |o Bol. N° 222  |p 65275  |r 2012-08-08 00:00:00  |w 2012-08-08  |y SBOL 
999 |c 27283  |d 27283